[Event "SR 2. liga A 2003/2004"]
[Site "?"]
[Date "2003.12.06"]
[Round "3.2"]
[White "Banas, Jan"]
[Black "Hudec, Jan"]
[Result "1-0"]
[WhiteElo "2369"]
[BlackElo "2138"]
[PlyCount "69"]
[EventDate "2003.??.??"]

1. c4 Nf6 2. Nc3 e6 3. e4 d5 4. e5 Ne4 5. Nf3 Nc6 6. d4 Be7 7. Bd3 Nxc3 8. bxc3
dxc4 9. Bxc4 Na5 10. Bd3 c5 11. O-O cxd4 12. cxd4 Bd7 13. Be3 Rc8 14. Nd2 Bc6
15. Qg4 g6 16. Bh6 a6 17. Qf4 Bd5 18. Rfd1 Nc6 19. Ne4 Bxe4 20. Bxe4 Bf8 21. d5
Bxh6 22. Qxh6 exd5 23. Qg7 Rf8 24. Bxd5 Qc7 25. Qxh7 Ne7 26. Bb3 Qxe5 27. Re1
Qf6 28. Qh3 Rc5 29. Qe3 Rc7 30. Qa7 Qc6 31. Rad1 Rg8 32. Qb8+ Rc8 33. Qf4 Rf8
34. Rxe7+ Kxe7 35. Qe5+ 1-0

[Event "SR 2. liga A 2003/2004"]
[Site "?"]
[Date "2003.12.06"]
[Round "3.2"]
[White "Cvicela, Anton"]
[Black "Fabry, Robert"]
[Result "1-0"]
[WhiteElo "2170"]
[BlackElo "2182"]
[PlyCount "83"]
[EventDate "2003.??.??"]

1. e4 e5 2. Nf3 Nc6 3. d4 exd4 4. Nxd4 Nf6 5. Nxc6 bxc6 6. e5 Qe7 7. Qe2 Nd5 8.
c4 Qb4+ 9. Nd2 Nf4 10. Qe4 Ne6 11. Be2 Bb7 12. a3 Qb6 13. Nf3 Nc5 14. Qf4 Nb3
15. Be3 Bc5 16. Bxc5 Qxc5 17. Rd1 Qa5+ 18. Kf1 O-O-O 19. Qxf7 c5 20. h4 Rhf8
21. Qe7 Qa4 22. Rh3 Qc6 23. Rg3 Rg8 24. Rxg7 Rxg7 25. Qxg7 Qe4 26. Qg5 Nd4 27.
Bd3 Qc6 28. Nxd4 cxd4 29. f3 Rf8 30. Be2 Qe6 31. Rxd4 Bc6 32. b4 Rf5 33. Qg4 a6
34. Bd3 Rxe5 35. Qxe6 dxe6 36. Bxh7 Rh5 37. Bg8 e5 38. Be6+ Kb7 39. Rg4 Ba4 40.
Bd5+ c6 41. Be4 Bb3 42. c5 1-0

[Event "SR 2. liga A 2003/2004"]
[Site "?"]
[Date "2003.12.06"]
[Round "3.2"]
[White "Felcir, Jaroslav"]
[Black "Janos, Martin"]
[Result "1-0"]
[WhiteElo "2215"]
[BlackElo "2148"]
[PlyCount "81"]
[EventDate "2003.??.??"]

1. e4 d5 2. exd5 Qxd5 3. Nc3 Qa5 4. d4 c6 5. Bd3 Nf6 6. h3 Bf5 7. Bxf5 Qxf5 8.
Nf3 Nbd7 9. Qe2 e6 10. O-O h6 11. Nd1 Nd5 12. Ne3 Nf4 13. Qd1 Qg6 14. Kh2 Bd6
15. g3 Nh5 16. Rg1 f5 17. Nc4 Bc7 18. Qe2 O-O-O 19. b3 Rhe8 20. Ba3 Nhf6 21.
Nd6+ Bxd6 22. Bxd6 Qh7 23. Rad1 Ne4 24. Bb4 g5 25. Rge1 h5 26. Nd2 Ndf6 27.
Nxe4 fxe4 28. c4 Rd7 29. Qe3 Rf7 30. d5 b6 31. dxc6 Rh8 32. Rh1 Qf5 33. Rd2
Ng4+ 34. hxg4 hxg4+ 35. Kg1 Rg8 36. Bd6 Qg6 37. Qe2 e3 38. Qxe3 Rf3 39. Qe1 Re8
40. Qf1 e5 41. c5 1-0

[Event "SR 2. liga A 2003/2004"]
[Site "?"]
[Date "2003.12.06"]
[Round "3.2"]
[White "Horak, Ivan"]
[Black "Bezuch, Martin"]
[Result "1-0"]
[WhiteElo "2198"]
[BlackElo "2140"]
[PlyCount "125"]
[EventDate "2003.??.??"]

1. e4 e5 2. Nf3 Nc6 3. Bb5 a6 4. Ba4 Nf6 5. O-O Be7 6. Re1 b5 7. Bb3 d6 8. c3
O-O 9. h3 Bb7 10. d4 Re8 11. a4 Bf8 12. Ng5 Re7 13. axb5 axb5 14. Rxa8 Qxa8 15.
Bxf7+ Rxf7 16. Nxf7 Kxf7 17. Qb3+ Ke7 18. d5 Na5 19. Qxb5 c6 20. Qb6 cxd5 21.
Bg5 dxe4 22. Nd2 Qd8 23. Qa7 Qc7 24. Ra1 Nc6 25. Qe3 Ke6 26. b4 Ne7 27. c4 Nf5
28. Qa7 e3 29. Bxe3 Qc6 30. Nf3 h6 31. b5 Qe4 32. Re1 Ba8 33. Bxh6 Qb7 34. Be3
Qxa7 35. Ng5+ Kd7 36. Bxa7 g6 37. Bb6 Nh4 38. f3 Nh5 39. Ra1 Bb7 40. Bf2 Nxg2
41. Kxg2 Nf4+ 42. Kf1 Be7 43. Ra7 Kc8 44. Ne4 Nxh3 45. Be3 g5 46. Kg2 Nf4+ 47.
Bxf4 gxf4 48. Nc3 Kb8 49. Ra1 Kc7 50. Nd5+ Bxd5 51. cxd5 Kb6 52. Rc1 Kxb5 53.
Rc6 Bh4 54. Kf1 Bd8 55. Rxd6 Bb6 56. Rc6 Bc5 57. Ke2 Bd4 58. Kd3 Bb2 59. Rc2
Bd4 60. Ke4 Kb6 61. d6 Kb7 62. d7 Bb6 63. Kxe5 1-0

[Event "SR 2. liga A 2003/2004"]
[Site "?"]
[Date "2003.12.06"]
[Round "3.2"]
[White "Machalova, Maria"]
[Black "Seitler, Andrej"]
[Result "0-1"]
[WhiteElo "2208"]
[BlackElo "2156"]
[PlyCount "96"]
[EventDate "2003.??.??"]

1. c4 Nf6 2. Nc3 d6 3. e4 g6 4. d4 Bg7 5. f3 O-O 6. Bg5 c5 7. d5 e6 8. Qd2 exd5
9. cxd5 h6 10. Be3 a6 11. Rc1 Kh7 12. h4 h5 13. Nh3 Bxh3 14. Rxh3 Nbd7 15. Be2
Ne5 16. Bg5 Qd7 17. b3 b5 18. Rh1 Ng8 19. Nd1 a5 20. Nf2 f6 21. Be3 Nh6 22. Nd3
Nxd3+ 23. Qxd3 b4 24. g4 Kh8 25. gxh5 gxh5 26. Kf2 f5 27. Qd2 Ng8 28. Rcg1 fxe4
29. Rg5 Rf5 30. Rhg1 Bf6 31. f4 Bxg5 32. hxg5 Qf7 33. Qb2+ Qg7 34. Qb1 Qf7 35.
Qb2+ Qg7 36. Qb1 Raf8 37. Qxe4 Rxg5 38. Rh1 Nf6 39. Qe6 Rg6 40. Bxh5 Rh6 41.
Bf3 Rxh1 42. Bxh1 Ng4+ 43. Ke2 Nxe3 44. Qxe3 Qb2+ 45. Kf3 Qc3 46. Qxc3+ bxc3
47. Ke3 Rxf4 48. Kd3 Rh4 0-1

[Event "SR 2. liga A 2003/2004"]
[Site "?"]
[Date "2003.12.06"]
[Round "3.2"]
[White "Vlcek, Stanislav"]
[Black "Stepanovic, Branislav"]
[Result "1-0"]
[WhiteElo "2215"]
[BlackElo "2090"]
[PlyCount "93"]
[EventDate "2003.??.??"]

1. c4 c5 2. Nf3 Nf6 3. Nc3 d5 4. cxd5 Nxd5 5. g3 Nc6 6. Bg2 e5 7. Nxe5 Nxc3 8.
Nxc6 Nxd1 9. Nxd8 Kxd8 10. Kxd1 g6 11. d3 Bg7 12. Kc2 Re8 13. Bf3 Rb8 14. Bg5+
Kc7 15. Rac1 b6 16. Bf4+ Be5 17. Bxe5+ Rxe5 18. Kd2 Bb7 19. Bxb7 Kxb7 20. Rc4
Rbe8 21. e3 b5 22. Rc3 Rd8 23. Ke2 Red5 24. Rd1 R8d7 25. a3 a5 26. a4 b4 27.
Rc4 Kb6 28. Rh4 f5 29. Rc4 Re7 30. h4 Rd4 31. Rdc1 Rd5 32. e4 fxe4 33. dxe4 Rd6
34. R1c2 Rdd7 35. f3 Re5 36. b3 Rdd5 37. Rd2 Rxd2+ 38. Kxd2 Kc6 39. Ke3 Re8 40.
Rc2 Kd6 41. Rd2+ Ke6 42. Rd5 Rc8 43. Kd3 c4+ 44. bxc4 b3 45. Kc3 Rb8 46. Rb5
Rf8 47. f4 1-0

[Event "SR 2. liga A 2003/2004"]
[Site "?"]
[Date "2003.12.06"]
[Round "3.3"]
[White "Breja, Stanislav"]
[Black "Kovacocy, Pavel"]
[Result "1/2-1/2"]
[WhiteElo "2121"]
[BlackElo "2263"]
[PlyCount "79"]
[EventDate "2003.??.??"]

1. e4 c5 2. c3 Nf6 3. e5 Nd5 4. d4 cxd4 5. cxd4 e6 6. Nf3 b6 7. Bc4 Bb7 8. O-O
Qc7 9. Bxd5 Bxd5 10. Nc3 Qb7 11. Nxd5 Qxd5 12. Bg5 Nc6 13. a3 Be7 14. Bxe7 Kxe7
15. Qd2 h6 16. Rfd1 Rad8 17. Rac1 Rc8 18. Rc3 Rhd8 19. Ne1 d6 20. exd6+ Rxd6
21. Nc2 Rcd8 22. Rd3 Qb5 23. Qc3 Kf8 24. Ne3 Ne7 25. g3 Nd5 26. Qc2 Rc6 27. Qb1
Rdc8 28. a4 Qa5 29. Rb3 Nxe3 30. Rxe3 Qxa4 31. b3 Qb5 32. Qh7 Qg5 33. d5 Rc1
34. Rde1 Rxe1+ 35. Rxe1 Ke7 36. dxe6 fxe6 37. Qe4 Rc1 38. Qxe6+ Kd8 39. Qd6+
Kc8 40. Qe6+ 1/2-1/2

[Event "SR 2. liga A 2003/2004"]
[Site "?"]
[Date "2003.12.06"]
[Round "3.3"]
[White "Eged, Igor"]
[Black "Skreno, Vladimir"]
[Result "1/2-1/2"]
[WhiteElo "2136"]
[BlackElo "2146"]
[PlyCount "137"]
[EventDate "2003.??.??"]

1. g3 d5 2. Bg2 e5 3. c4 dxc4 4. Qa4+ c6 5. Qxc4 Be6 6. Qc2 Nd7 7. Nf3 Bc5 8.
d3 h6 9. O-O Bb6 10. b3 Ne7 11. Nbd2 O-O 12. Ba3 Re8 13. Nc4 Bxc4 14. dxc4 c5
15. Rfd1 Qc7 16. Bh3 Nf6 17. Bb2 Nc6 18. e3 Qe7 19. Bc3 Rad8 20. Rxd8 Rxd8 21.
Rd1 Rxd1+ 22. Qxd1 Bc7 23. Qc2 Qd6 24. Bc8 b6 25. Bb7 Nb4 26. Bxb4 cxb4 27. Nd2
Qd7 28. Bg2 a5 29. Nf3 g6 30. Kf1 Kg7 31. h3 Kf8 32. Nd2 Qe6 33. Qd3 Bd6 34.
Ke2 Be7 35. Kf1 h5 36. Ne4 Nd7 37. Qd5 Qf5 38. Ke2 Nc5 39. Nxc5 Bxc5 40. Qe4
Qf6 41. h4 Kg8 42. Qc6 Qe7 43. Bd5 Kg7 44. Qb7 Qf6 45. Qc6 Qf5 46. Be4 Qh3 47.
Qb7 Qg4+ 48. Bf3 Qe6 49. Bd5 Qf6 50. Qc6 Qf5 51. Be4 Qg4+ 52. Bf3 Qh3 53. Qb7
Qe6 54. Bd5 Qf5 55. Be4 Qf6 56. Qc6 Qxc6 57. Bxc6 f5 58. f4 Kf6 59. Kf3 Bd6 60.
Bd5 Bc5 61. Bc6 Bf8 62. Be8 e4+ 63. Kf2 Kg7 64. Ke2 Be7 65. Kf2 Bf6 66. Ke2 Bc3
67. Kf2 Kf6 68. Ke2 Ba1 69. Kf2 1/2-1/2

[Event "SR 2. liga A 2003/2004"]
[Site "?"]
[Date "2003.12.06"]
[Round "3.3"]
[White "Hecko, Dusan"]
[Black "Machalova, Veronika"]
[Result "1/2-1/2"]
[WhiteElo "2129"]
[BlackElo "2176"]
[PlyCount "107"]
[EventDate "2003.??.??"]

1. e4 c5 2. Nf3 e6 3. d4 cxd4 4. Nxd4 a6 5. Bd3 Qc7 6. O-O Nf6 7. Qe2 d6 8. c4
Nbd7 9. f4 Be7 10. Nc3 b6 11. Be3 Bb7 12. b4 O-O 13. Rac1 Rac8 14. a3 Qb8 15.
f5 e5 16. Nb3 Qa8 17. Nd5 Nxd5 18. cxd5 Rxc1 19. Rxc1 Rc8 20. Rxc8+ Qxc8 21.
Qc2 Qxc2 22. Bxc2 Bd8 23. a4 Kf8 24. Kf2 Ke7 25. Ke2 h6 26. Kd3 Bc7 27. Bd1 Bc8
28. Nd2 Nf8 29. Nc4 Nd7 30. Be2 Bb7 31. g4 f6 32. h4 Bc8 33. g5 hxg5 34. hxg5
Bb7 35. Bh5 Bc8 36. Bg6 Bd8 37. Bh7 Nf8 38. Bg8 b5 39. axb5 axb5 40. Na3 Bd7
41. g6 Be8 42. Nb1 Nd7 43. Be6 Nb6 44. Na3 Na8 45. Bc8 Bb6 46. Bxb6 Nxb6 47.
Ba6 Nc4 48. Nxc4 bxc4+ 49. Kxc4 Ba4 50. b5 Kd7 51. Kc3 Kc7 52. b6+ Kxb6 53. Bd3
Kc5 54. Bb1 1/2-1/2

[Event "SR 2. liga A 2003/2004"]
[Site "?"]
[Date "2003.12.06"]
[Round "3.3"]
[White "Janos, Jozef"]
[Black "Minich, Peter"]
[Result "1/2-1/2"]
[WhiteElo "2206"]
[BlackElo "2210"]
[PlyCount "96"]
[EventDate "2003.??.??"]

1. d4 d5 2. Nf3 e6 3. c4 c6 4. e3 f5 5. Nc3 Nf6 6. Bd3 Be7 7. O-O O-O 8. Ne5
Nbd7 9. f4 Qe8 10. cxd5 cxd5 11. Bd2 Nxe5 12. dxe5 Nd7 13. Nb5 Qd8 14. b4 Nb6
15. a4 Bd7 16. Nd4 Rc8 17. Qe2 Nc4 18. Rfb1 a6 19. Be1 Kh8 20. Rc1 Nb6 21. a5
Na8 22. Qb2 Rg8 23. Rxc8 Bxc8 24. b5 axb5 25. Qxb5 Qc7 26. Bd2 g5 27. Rc1 Qd7
28. Qxd7 Bxd7 29. g3 gxf4 30. exf4 Rc8 31. Rb1 Bc5 32. Be3 Rc7 33. Kf2 Kg7 34.
Nb5 Bxb5 35. Rxb5 d4 36. Bd2 b6 37. a6 Ra7 38. Rb1 Nc7 39. Ra1 b5 40. Rc1 Nxa6
41. Bxb5 Ba3 42. Rc6 Nc5 43. Bc4 Kf7 44. Ke2 Rb7 45. Rd6 Rb2 46. Rxd4 Ne4 47.
Kd1 Rxd2+ 48. Rxd2 Nxd2 1/2-1/2

[Event "SR 2. liga A 2003/2004"]
[Site "?"]
[Date "2003.12.06"]
[Round "3.3"]
[White "Manak, Jozef"]
[Black "Petreje, Juraj"]
[Result "0-1"]
[WhiteElo "2076"]
[BlackElo "2189"]
[PlyCount "66"]
[EventDate "2003.??.??"]

1. e4 d5 2. exd5 Qxd5 3. Nc3 Qa5 4. Nf3 Bg4 5. Be2 Nf6 6. O-O Nbd7 7. b4 Qb6 8.
b5 e6 9. a4 Bb4 10. Bb2 O-O 11. d4 Rfd8 12. Na2 Bf8 13. Nc1 c5 14. Nb3 Qc7 15.
c4 cxd4 16. Nfxd4 Bxe2 17. Qxe2 Rac8 18. Rac1 Nc5 19. Nxc5 Qxc5 20. Nf3 Qb4 21.
Bxf6 gxf6 22. Qc2 Bh6 23. Qc3 Qxa4 24. Rc2 Bf8 25. Ra1 Rxc4 26. Qxf6 Qxc2 27.
Qg5+ Qg6 28. Qxd8 Rb4 29. Nd2 Rxb5 30. Nf1 a6 31. Ra3 Rg5 32. g3 Rd5 33. Qc7
Bxa3 0-1

[Event "SR 2. liga A 2003/2004"]
[Site "?"]
[Date "2003.12.06"]
[Round "3.3"]
[White "Vychodil, Michal"]
[Black "Harasta, Vladimir"]
[Result "1-0"]
[WhiteElo "2104"]
[BlackElo "2192"]
[PlyCount "68"]
[EventDate "2003.??.??"]

1. e4 e5 2. d4 exd4 3. Qxd4 Nc6 4. Qe3 Bb4+ 5. Nc3 Nf6 6. Bd2 O-O 7. O-O-O Re8
8. Qg3 d6 9. f3 Ne5 10. h4 Kh8 11. h5 h6 12. Qh2 Nh7 13. g4 Be6 14. Qg3 f6 15.
Nh3 c6 16. f4 Nf7 17. Bd3 Qa5 18. Rdg1 Re7 19. g5 fxg5 20. e5 Bxh3 21. Qxh3
dxe5 22. Bxh7 Kxh7 23. Qf5+ Kg8 24. fxg5 e4 25. Qh3 e3 26. Be1 Nxg5 27. Rg4 Rf8
28. Qh4 Bxc3 29. Bxc3 Qxa2 30. b3 Qa3+ 31. Bb2 Qc5 32. Rhg1 Qf5 33. Rf4 Qc8 34.
Rxg5 Rxf4 {time} 1-0

[Event "SR 2. liga A 2003/2004"]
[Site "?"]
[Date "2003.12.06"]
[Round "3.4"]
[White "Antol, Ladislav"]
[Black "Kruppa, Dominik"]
[Result "1/2-1/2"]
[WhiteElo "2057"]
[BlackElo "2038"]
[PlyCount "119"]
[EventDate "2003.??.??"]

1. e4 c5 2. Nf3 Nc6 3. d4 cxd4 4. Nxd4 e5 5. Nb5 d6 6. N1c3 a6 7. Na3 b5 8. Nd5
Nce7 9. Nxe7 Bxe7 10. c4 bxc4 11. Bxc4 Nf6 12. O-O O-O 13. Qe2 Bb7 14. f3 d5
15. exd5 Bxa3 16. bxa3 Bxd5 17. Bb3 Qb6+ 18. Qe3 Qxe3+ 19. Bxe3 Rab8 20. Bc5
Rfe8 21. Rab1 Rb5 22. Bb4 Bxb3 23. axb3 Nd5 24. Bd2 Reb8 25. b4 f6 26. Rbc1 Kf7
27. Rc6 R5b6 28. Rc5 Rb5 29. Rc4 R5b7 30. Rfc1 Ke7 31. f4 Nxf4 32. Bxf4 exf4
33. Rc7+ Kf8 34. Rxb7 Rxb7 35. Rc6 Ra7 36. Kf2 Ke7 37. Kf3 Kd7 38. Rc5 g5 39.
Ra5 h5 40. h4 Rc7 41. hxg5 fxg5 42. Rxg5 Rc3+ 43. Kxf4 Rxa3 44. Ra5 Rb3 45.
Rxa6 Rxb4+ 46. Kg3 Rg4+ 47. Kh3 Rg5 48. Ra2 Ke6 49. Kh4 Rb5 50. Ra6+ Kf7 51.
Rh6 Rb2 52. g3 Rh2+ 53. Kg5 Rh3 54. Rf6+ Kg7 55. Rg6+ Kf7 56. Rf6+ Ke7 57. Rh6
Rxg3+ 58. Kxh5 Rh3+ 59. Kg5 Rxh6 60. Kxh6 1/2-1/2

[Event "SR 2. liga A 2003/2004"]
[Site "?"]
[Date "2003.12.06"]
[Round "3.4"]
[White "Gasa, Andrej"]
[Black "Pacher, Milan"]
[Result "1/2-1/2"]
[WhiteElo "2188"]
[BlackElo "2057"]
[PlyCount "39"]
[EventDate "2003.??.??"]

1. e4 e6 2. d4 d5 3. Nd2 Nf6 4. e5 Nfd7 5. Bd3 c5 6. c3 Nc6 7. Ne2 cxd4 8. cxd4
Qb6 9. Nf3 f6 10. exf6 Nxf6 11. O-O Bd6 12. Bf4 Bxf4 13. Nxf4 Qxb2 14. Re1 O-O
15. Re2 Qa3 16. Nxe6 Bxe6 17. Rxe6 Rae8 18. Qe2 Rxe6 19. Qxe6+ Kh8 20. Qe3
1/2-1/2

[Event "SR 2. liga A 2003/2004"]
[Site "?"]
[Date "2003.12.06"]
[Round "3.4"]
[White "Hartl, Jan"]
[Black "Moravcik, Marian"]
[Result "1-0"]
[WhiteElo "2165"]
[BlackElo "2073"]
[PlyCount "49"]
[EventDate "2003.??.??"]

1. e4 c5 2. Nf3 d6 3. d4 cxd4 4. Nxd4 Nf6 5. Nc3 a6 6. Bc4 e6 7. O-O Qc7 8. Qe2
Be7 9. Bg5 O-O 10. Bb3 Nc6 11. Nxc6 bxc6 12. Rfe1 Re8 13. Bf4 Nd7 14. Rad1 Nc5
15. Bc4 a5 16. Qh5 Nd7 17. Bxe6 g6 18. Bxf7+ Kg7 19. Qh6+ Kxf7 20. Qxh7+ Kf6
21. e5+ Nxe5 22. Bxe5+ dxe5 23. Ne4+ Kf5 24. Qh3+ Kf4 25. Qf3# 1-0

[Event "SR 2. liga A 2003/2004"]
[Site "?"]
[Date "2003.12.06"]
[Round "3.4"]
[White "Kovarik, Oto"]
[Black "Toth_Vano, Peter"]
[Result "1/2-1/2"]
[WhiteElo "2128"]
[BlackElo "2032"]
[PlyCount "102"]
[EventDate "2003.??.??"]

1. e4 d5 2. exd5 Nf6 3. Nf3 Nxd5 4. d4 g6 5. Be2 Bg7 6. O-O O-O 7. c4 Nb6 8.
Nc3 Nc6 9. d5 Nb4 10. a3 Na6 11. Be3 e6 12. Qb3 Qe7 13. dxe6 Bxe6 14. Nd5 Bxd5
15. cxd5 Qe4 16. Rfd1 Rad8 17. Bxb6 axb6 18. Bxa6 bxa6 19. Rac1 Rd7 20. Rd2 Bh6
21. Rd4 Qxd4 22. Nxd4 Bxc1 23. Nc6 Re8 24. g3 Rd6 25. h4 a5 26. Kg2 Bh6 27. Qc4
Bg7 28. b3 Re1 29. Qd3 Re8 30. Kf1 Bb2 31. b4 axb4 32. axb4 Bg7 33. Qc4 Rd7 34.
Qb5 Rd6 35. Kg2 Bf6 36. Kf3 Bg7 37. g4 Rf6+ 38. Kg3 Rd6 39. Qd3 Be5+ 40. f4 Bg7
41. Kf3 Re1 42. g5 f5 43. Qb5 Kf7 44. Qd3 Re4 45. Qd1 Bd4 46. Nxd4 Rxd5 47. Qc2
Rexd4 48. Qxc7+ Rd7 49. Qxb6 Rd3+ 50. Ke2 Rd2+ 51. Ke1 Rd1+ 1/2-1/2

[Event "SR 2. liga A 2003/2004"]
[Site "?"]
[Date "2003.12.06"]
[Round "3.4"]
[White "Lahucky, Pavol"]
[Black "Kolman, Richard"]
[Result "1-0"]
[WhiteElo "2099"]
[BlackElo "2125"]
[PlyCount "75"]
[EventDate "2003.??.??"]

1. c4 e5 2. Nc3 Nc6 3. e4 g6 4. d3 Bg7 5. Be2 Nf6 6. Bg5 d6 7. Qd2 Nd4 8. Nf3
c6 9. Nxd4 exd4 10. Nd1 O-O 11. O-O Qc7 12. Bxf6 Bxf6 13. f4 Bg7 14. g4 f5 15.
exf5 gxf5 16. g5 Be6 17. h4 Rae8 18. Bf3 Bf7 19. Rc1 Re6 20. Bd5 cxd5 21. cxd5
Qxc1 22. Qxc1 Re2 23. Qc7 Bxd5 24. Qxd6 Bc6 25. Rf2 Re1+ 26. Rf1 Rfe8 27. Rxe1
Rxe1+ 28. Kf2 Rxd1 29. Qe6+ Kf8 30. Qxf5+ Kg8 31. Qe6+ Kf8 32. h5 Be8 33. h6
Bh8 34. Qd6+ Kf7 35. Qc7+ Kg6 36. Qxb7 Rd2+ 37. Ke1 Rc2 38. Qe4+ 1-0

[Event "SR 2. liga A 2003/2004"]
[Site "?"]
[Date "2003.12.06"]
[Round "3.4"]
[White "Miklas, Marian"]
[Black "Marko, Vladimir"]
[Result "1-0"]
[WhiteElo "2204"]
[BlackElo "2010"]
[PlyCount "121"]
[EventDate "2003.??.??"]

1. c4 c6 2. b3 d5 3. Bb2 Nf6 4. Nf3 Bg4 5. e3 Nbd7 6. Be2 Bxf3 7. Bxf3 e5 8.
cxd5 cxd5 9. O-O Bd6 10. d3 O-O 11. Nc3 Nb6 12. a4 a5 13. Nb5 Bb8 14. Qd2 Re8
15. Rfd1 Nc8 16. Rac1 Nd6 17. Nc3 Nf5 18. Nb5 Ra6 19. g3 Ne7 20. Bc3 Nd7 21.
Bg2 Nc5 22. Qb2 Nd7 23. b4 axb4 24. Bxb4 Nf6 25. Qb3 Nc6 26. Bc3 Na7 27. Rc2
Qd7 28. Rdc1 Rc6 29. e4 d4 30. Nxa7 Bxa7 31. Bb4 Rec8 32. Ba3 Ne8 33. Rxc6 Rxc6
34. Rxc6 Qxc6 35. Qb5 Qxb5 36. axb5 Bb8 37. Bh3 Bd6 38. Bd7 Nf6 39. Bxd6 Nxd7
40. f4 f6 41. f5 Kf7 42. Kf2 Nb6 43. Ke2 Na4 44. Bb4 Nc3+ 45. Bxc3 dxc3 46. Kd1
Ke7 47. Kc2 Kd6 48. Kxc3 Kc5 49. g4 Kxb5 50. d4 exd4+ 51. Kxd4 Kc6 52. e5 fxe5+
53. Kxe5 Kd7 54. g5 Ke7 55. Kd5 b5 56. h4 b4 57. Kc4 Kd6 58. h5 Ke5 59. f6 gxf6
60. g6 hxg6 61. h6 1-0

[Event "SR 2. liga A 2003/2004"]
[Site "?"]
[Date "2003.12.06"]
[Round "3.5"]
[White "Bury, Rastislav"]
[Black "Karlik, Lubomir"]
[Result "1-0"]
[WhiteElo "2052"]
[BlackElo "1903"]
[PlyCount "60"]
[EventDate "2003.??.??"]

1. d4 d5 2. c4 e6 3. Nc3 Nf6 4. Bg5 Nbd7 5. Nf3 c6 6. e3 Qa5 7. Nd2 Bb4 8. Qc2
dxc4 9. Bxf6 Nxf6 10. Bxc4 O-O 11. O-O e5 12. Nb3 Qc7 13. Rfd1 Re8 14. Rac1 Bg4
15. Be2 exd4 16. Nxd4 Bxc3 17. Qxc3 Bxe2 18. Nxe2 Rad8 19. Nd4 Ne4 20. Qb3 Rd7
21. Qa4 Red8 22. Qxa7 Qe5 23. b4 f5 24. Qa4 f4 25. Qb3+ Kh8 26. Nf3 Qb2 27.
Qxb2 Rxd1+ 28. Ne1 Nxf2 29. Rxd1 Rxd1 30. Qe2 fxe3 1-0

[Event "SR 2. liga A 2003/2004"]
[Site "?"]
[Date "2003.12.06"]
[Round "3.5"]
[White "Furjel, Andrej"]
[Black "Sukuba, Zdeno"]
[Result "1-0"]
[WhiteElo "1905"]
[BlackElo "2116"]
[PlyCount "66"]
[EventDate "2003.??.??"]

1. Nf3 Nf6 2. d4 e6 3. g3 c5 4. Bg2 Nc6 5. e3 d5 6. O-O Be7 7. b3 O-O 8. Bb2
Qc7 9. Nbd2 cxd4 10. exd4 b5 11. c3 a5 12. a3 a4 13. b4 Bd6 14. Re1 Re8 15. Rc1
Bd7 16. Qc2 Rac8 17. Qd3 h6 18. Re2 e5 19. dxe5 Bxe5 20. Nd4 Bxd4 21. Rxe8+
Rxe8 22. cxd4 Qd6 23. Nf3 Ne4 24. Ne5 f6 25. Nxd7 Qxd7 26. Bxe4 Rxe4 27. Qxb5
Qe6 28. Qd3 Re2 29. Bc3 f5 30. Bd2 Nd8 31. Kf1 Re4 32. f3 f4 33. fxe4 dxe4 {
time} 1-0

[Event "SR 2. liga A 2003/2004"]
[Site "?"]
[Date "2003.12.06"]
[Round "3.5"]
[White "Hanes, Mojmir"]
[Black "Sarmir, Milos"]
[Result "1-0"]
[WhiteElo "2045"]
[BlackElo "2142"]
[PlyCount "81"]
[EventDate "2003.??.??"]

1. e4 e5 2. Nc3 Nc6 3. f4 d6 4. Nf3 Bd7 5. Bc4 Be7 6. O-O Nf6 7. d3 O-O 8. Ne2
exf4 9. Bxf4 Na5 10. Bb3 Nxb3 11. axb3 Nh5 12. Be3 f5 13. exf5 Bxf5 14. Nfd4
Bd7 15. Nc3 Rxf1+ 16. Qxf1 Bg5 17. Bxg5 Qxg5 18. Qf3 c6 19. Rf1 Qg6 20. Nf5
Bxf5 21. Qxf5 Qxf5 22. Rxf5 Nf6 23. h3 Re8 24. Kf2 Kf7 25. Ne4 Ke6 26. Nxf6 Rf8
27. Rf3 Rxf6 28. Rxf6+ Kxf6 29. Kf3 Ke5 30. Ke3 a5 31. g3 b5 32. d4+ Kd5 33.
Kd3 c5 34. c4+ Kc6 35. Kc3 d5 36. Kd3 a4 37. cxb5+ Kxb5 38. bxa4+ Kb4 39. dxc5
Kxc5 40. b3 Kb4 41. Kd4 1-0

[Event "SR 2. liga A 2003/2004"]
[Site "?"]
[Date "2003.12.06"]
[Round "3.5"]
[White "Kuna, Vladimir"]
[Black "Sycova, Miroslava"]
[Result "1/2-1/2"]
[WhiteElo "2149"]
[BlackElo "2068"]
[PlyCount "91"]
[EventDate "2003.??.??"]

1. d4 Nf6 2. Nf3 g6 3. c4 Bg7 4. Nc3 d5 5. Bg5 Ne4 6. Bf4 Nxc3 7. bxc3 c5 8.
Bxb8 Rxb8 9. e3 O-O 10. cxd5 Qxd5 11. Be2 Bf5 12. Qb3 Qxb3 13. axb3 Rbc8 14.
Kd2 cxd4 15. exd4 Bh6+ 16. Kd1 Rxc3 17. Bc4 Bc2+ 18. Ke2 Bxb3 19. Bxb3 Rxb3 20.
Rxa7 Rc8 21. Ra2 b5 22. g4 Bf4 23. h4 b4 24. h5 Rbc3 25. Rb1 Bd6 26. Rab2 R8c4
27. h6 f6 28. Rb3 g5 29. Rxc3 Rxc3 30. Nd2 Kf7 31. Ne4 Rh3 32. Nxd6+ exd6 33.
Rxb4 Rxh6 34. d5 f5 35. gxf5 Kf6 36. Re4 Kxf5 37. Re7 Rg6 38. Rxh7 Ke5 39. Rh5
Kxd5 40. f4 Ke4 41. fxg5 Kf5 42. Rh6 Kxg5 43. Rxg6+ Kxg6 44. Kd3 Kf5 45. Kd4
Ke6 46. Ke4 1/2-1/2

[Event "SR 2. liga A 2003/2004"]
[Site "?"]
[Date "2003.12.06"]
[Round "3.5"]
[White "Sabolik, Frantisek"]
[Black "Puchart, Vladimir"]
[Result "1-0"]
[WhiteElo "2084"]
[BlackElo "2145"]
[PlyCount "53"]
[EventDate "2003.??.??"]

1. d4 Nf6 2. c4 e6 3. Nf3 b6 4. Nc3 d5 5. Bg5 Be7 6. e3 O-O 7. Be2 Bb7 8. O-O
Nbd7 9. Ne5 dxc4 10. Nxc4 c5 11. Rc1 Ne4 12. Bf4 Ndf6 13. Be5 cxd4 14. exd4 Rc8
15. Bd3 Nxc3 16. bxc3 Rc6 17. Ne3 Bd6 18. f4 Qe7 19. c4 Rfc8 20. Rb1 Rd8 21.
Qe2 Rc7 22. Qc2 g6 23. Qe2 Rcd7 24. Rb3 Nh5 25. Ng4 Bxe5 26. Qxe5 Rxd4 27. Nh6+
1-0

[Event "SR 2. liga A 2003/2004"]
[Site "?"]
[Date "2003.12.06"]
[Round "3.5"]
[White "Syrovy, Ivan"]
[Black "Kubis, Ivan"]
[Result "1/2-1/2"]
[WhiteElo "2067"]
[BlackElo "2062"]
[PlyCount "89"]
[EventDate "2003.??.??"]

1. e4 e5 2. Nf3 Nc6 3. Bb5 a6 4. Ba4 Nf6 5. O-O Be7 6. c3 b5 7. Bc2 O-O 8. a4
Bb7 9. Re1 d5 10. exd5 Qxd5 11. d3 Rad8 12. Bg5 h6 13. Bxf6 Bxf6 14. Nbd2 Rfe8
15. Re4 Ne7 16. Qe1 Ng6 17. Rg4 Qd7 18. Rg3 Nf4 19. Ne4 Bxe4 20. Qxe4 Qd5 21.
Qe3 c5 22. h3 Kf8 23. Rd1 Ne6 24. Nd2 Bg5 25. Qe1 Bf4 26. Rg4 f5 27. Bb3 Bxd2
28. Bxd5 Bxe1 29. Bxe6 Rxe6 30. Rg3 Bxf2+ 31. Kxf2 e4 32. Re1 Rde8 33. Rge3 Kf7
34. dxe4 fxe4 35. axb5 axb5 36. Rd1 Re5 37. Rd6 R8e6 38. Rd8 g5 39. Rb8 c4 40.
Rb7+ Kf6 41. Rb8 h5 42. g4 h4 43. Rd8 Ke7 44. Rd4 Rf6+ 45. Ke2 1/2-1/2

[Event "SR 2. liga A 2003/2004"]
[Site "?"]
[Date "2003.12.06"]
[Round "3.6"]
[White "Gajarsky, Roman"]
[Black "Mikulas, Dusan"]
[Result "0-1"]
[WhiteElo "2021"]
[BlackElo "2143"]
[PlyCount "60"]
[EventDate "2003.??.??"]

1. e4 e5 2. Nf3 Nc6 3. Bc4 Nf6 4. Ng5 d5 5. exd5 Na5 6. d3 Bd6 7. Nc3 Bg4 8. f3
Bf5 9. Be3 O-O 10. O-O Bb4 11. Nge4 Bxe4 12. fxe4 Bxc3 13. bxc3 Nxc4 14. dxc4
Nxe4 15. Qf3 f5 16. Rfb1 b6 17. Re1 Qe7 18. g4 Nd6 19. c5 bxc5 20. Bxc5 f4 21.
Re4 Qf6 22. Bxd6 cxd6 23. Rb1 Rab8 24. Rbb4 Rxb4 25. Rxb4 Qg6 26. h4 Qxc2 27.
g5 a5 28. Rb7 e4 29. Qh3 f3 30. Qe6+ Kh8 0-1

[Event "SR 2. liga A 2003/2004"]
[Site "?"]
[Date "2003.12.06"]
[Round "3.6"]
[White "Karlik, Lukas"]
[Black "Rohackova, Veronika"]
[Result "0-1"]
[WhiteElo "1866"]
[BlackElo "2049"]
[PlyCount "62"]
[EventDate "2003.??.??"]

1. c4 e6 2. Nc3 b6 3. d4 Bb7 4. Nf3 Bb4 5. a3 Bxc3+ 6. bxc3 f5 7. Bf4 Nf6 8. e3
O-O 9. Bd3 h6 10. O-O d6 11. Nd2 Nbd7 12. Rb1 Qe8 13. Qb3 Kh8 14. f3 Nh5 15.
Bg3 Nxg3 16. hxg3 Qg6 17. Kf2 e5 18. Rh1 Nf6 19. Qc2 e4 20. Be2 exf3 21. Bxf3
Ne4+ 22. Bxe4 fxe4+ 23. Kg1 Qxg3 24. Rh3 Qf2+ 25. Kh1 Qe2 26. Qd1 Qd3 27. Rg3
Rf7 28. Qh5 Raf8 29. Rb5 Qxd2 30. Rbg5 Qe1+ 31. Kh2 Rf1 0-1